[Event "BCF-chT4b 0405 (4NCL)"]
[Site "Telford"]
[Date "2005.01.16"]
[Round "4.2"]
[White "Jones, Humphrey"]
[Black "Peck, Windsor"]
[Result "1/2-1/2"]
[WhiteElo "1915"]
[BlackElo "1925"]
[PlyCount "51"]
[EventDate "2004.11.06"]
[EventType "team"]
[EventRounds "11"]
[EventCountry "ENG"]
[SourceTitle "EXT 2006"]
[Source "ChessBase"]
[SourceDate "2005.11.24"]
[SourceVersion "1"]
[SourceVersionDate "2005.11.24"]
[SourceQuality "1"]
[WhiteTeam "SC Stars II"]
[BlackTeam "Halesowen"]
[WhiteTeamCountry "ENG"]
[BlackTeamCountry "ENG"]

1. e4 e6 2. d4 d5 3. e5 c5 4. c3 Nc6 5. Nf3 Qb6 6. Na3 cxd4 7. cxd4 Bxa3 8. bxa3 Nge7 9. Bd3 Bd7 10. Rb1 Qc7 11. 0-0 b6 12. Bb2 Ng6 13. g3 0-0 14. Qe2 Bc8 15. Rbc1 Bb7 16. a4 Qe7 17. Rc3 Rfc8 18. Rfc1 Qd8 19. Ba6 Bxa6 20. Qxa6 Nce7 21. Ba3 Qd7 22. Kg2 h6 23. h4 Rxc3 24. Rxc3 Rc8 25. Rxc8+ Nxc8 26. Qb5 1/2-1/2

[Event "Southend op"]
[Site "London"]
[Date "2002.03.30"]
[Round "3"]
[White "Hare, Roy T"]
[Black "Jones, Humphrey"]
[Result "1-0"]
[WhiteElo "1544"]
[BlackElo "1392"]
[PlyCount "106"]
[EventDate "2002.03.29"]
[EventType "swiss"]
[EventRounds "7"]
[EventCountry "ENG"]
[SourceTitle "EXT 2006"]
[Source "ChessBase"]
[SourceDate "2005.11.24"]
[SourceVersion "1"]
[SourceVersionDate "2005.11.24"]
[SourceQuality "1"]

1. e4 e5 2. Nf3 Nc6 3. Bc4 Nf6 4. Ng5 d5 5. exd5 Na5 6. d3 Nxc4 7. dxc4 Bc5 8. 0-0 0-0 9. Nc3 h6 10. Nge4 Bd4 11. Nxf6+ Qxf6 12. Be3 Bxc3 13. bxc3 Rd8 14. Re1 c6 15. Qd2 Bf5 16. Bc5 b6 17. Ba3 cxd5 18. cxd5 Rac8 19. Bb2 Rc4 20. Re3 Be4 21. Qe2 Qg6 22. Rg3 Qf5 23. Qxc4 Rxd5 24. h3 Rd2 25. Rf1 Bxc2 26. Rf3 Qg6 27. Bc1 Rd3 28. Rxd3 Bxd3 29. Qc8+ Kh7 30. Re1 Bf5 31. Qc4 Bxh3 32. g3 Qh5 33. Qh4 Qf5 34. Qe4 Qxe4 35. Rxe4 f6 36. Be3 Kg6 37. Ra4 Kf5 38. Rxa7 g5 39. Rb7 Ke4 40. Rxb6 Kd3 41. a4 Kxc3 42. a5 Bg4 43. a6 Bf3 44. a7 f5 45. Rb8 f4 46. gxf4 exf4 47. Bb6 Kd3 48. a8Q Bxa8 49. Rxa8 Ke4 50. Rh8 Kf3 51. Rxh6 Kg4 52. Rg6 Kh5 53. Rg8 f3 1-0